00870nam a2200205 i 450000100060000000300090000600500170001500700030003200800410003502000180007608000190009410000270011324503080014026000610044830000220050970000310053170000420056271000270060485200330063117576ES-MaACL20250523062556.0t|010404s2000 sp ||||1| spa d a84-8409-078-7 a821.124-96"00"1 aSéneca, Lucio Anneo.10aDiálogos b: De la providencia. De la firmeza del sabio. De la ira (I-II-III). De la felicidad. De la vida retirada. De la serenidad del espíritu. De la brevedad de la vida / cLucio Anneo Séneca ; introducciones, traducción y notas Matías López López ; prólogo Agustín García Calvo. aLleida : bEdicions de la Universitat de Lleida, c2000. a293 p. ; c24 cm.1 aLópez López, Matías.1 aGarcía Calvo, Agustín,d1926-20122 aUniversidad de Lleida. aES-MaACLjL-24515 bR.129820